|
|
|
|
| LEADER |
00000nab a2200000 a 4500 |
| 001 |
vtls010256027 |
| 003 |
SK-MaSNL |
| 005 |
20260304162427.0 |
| 008 |
25050731c2007 xo o e slol |
| 015 |
|
|
|a SNBRB2008/01
|
| 035 |
|
|
|a SVKKK000087902
|
| 035 |
|
|
|a (urnnbn)urn:nbn:sk:snk:ar-005jsx
|
| 035 |
|
|
|a (uuid)e3791d8c-d5dc-4c93-954f-6457f8d22b66
|
| 035 |
|
|
|a urn:nbn:sk:snk-ab80b4
|
| 038 |
|
|
|a SVKKK
|
| 040 |
|
|
|a SNKBUCL
|b slo
|c SNKBUCL
|e AACR2
|
| 041 |
0 |
|
|a slo
|
| 044 |
|
|
|a xo
|c SK
|
| 080 |
|
|
|a 564(234.372.3)"625"
|2 1997
|
| 100 |
1 |
|
|a Kernátsová, Jana
|4 aut
|9 13142
|
| 245 |
1 |
0 |
|a Zmeny v malakocenózach Podunajskej nížiny v období 35 až 10 ka BP ako výsledok klimatického vývoja posledného glaciálu
|c J. Kernátsová
|
| 650 |
0 |
7 |
|a fosílne mäkkýše
|2 SNKPH
|9 132831
|
| 650 |
0 |
7 |
|a paleoekológia
|2 SNKPH
|9 67675
|
| 651 |
|
7 |
|a Podunajská nížina (Slovensko)
|2 snkbucl
|9 23006
|
| 773 |
0 |
|
|t Mineralia slovaca
|g Roč. 39, č. 3 (2007)
|g Č. 3 (2007), s. 17
|x 0369-2086
|x 0369-2086
|
| 773 |
0 |
|
|t [Príl.] Geovestník
|g Roč. 39, č. 3 (2007)
|g Č. 3 (2007), s. 17
|x 0369-2086
|x 0369-2086
|
| 850 |
|
|
|a Slovenská národná knižnica
|
| 852 |
|
|
|a Slovenská národná knižnica
|
| 954 |
|
|
|a odborná, vedecká literatúra pôvodná (slovenská)
|2 lita
|
| 958 |
|
|
|a article9
|
| 958 |
|
|
|a SK
|
| 958 |
|
|
|a OND
|
| 958 |
|
|
|a EUIPO
|
| 999 |
|
|
|c 2974193
|d 2976123
|